|
|
|
|
| LEADER |
02306nam a2200397 a 4500 |
| 001 |
20825 |
| 003 |
BD-DhAAL |
| 008 |
100915s2009 bg a b 001 0 eng d |
| 999 |
|
|
|c 9470
|d 9470
|
| 010 |
|
|
|a 2009310694
|
| 020 |
|
|
|a 9847022000356
|
| 040 |
|
|
|a DKAGE
|b eng
|c DKAGE
|d DLC
|d DB-DhAAL
|
| 082 |
0 |
4 |
|a 361.77095492
|2 22
|
| 245 |
0 |
0 |
|a Recreating the commons? :
|b NGOs in Bangladesh /
|c edited by Farida Chowdhury Khan, Ahrar Ahmad, Munir Quddus.
|
| 260 |
|
|
|a Dhaka :
|b Bangladesh Development Initiative ;
|b University Press,
|c 2009.
|
| 300 |
|
|
|a xxvii, 367 pages :
|b illustrations ;
|c 22 cm.
|
| 504 |
|
|
|a Includes bibliographical references and index.
|
| 505 |
0 |
|
|a section 1. History and background -- section 2. Religion, gender, and civil society -- section 3. Contributions of NGOs.
|
| 520 |
|
|
|a Contributed articles.
|
| 526 |
|
|
|a GenEd
|
| 541 |
1 |
|
|a Book Finder International
|e 20825, 39465
|
| 650 |
|
0 |
|a Non-governmental organizations
|z Bangladesh.
|9 51103
|
| 650 |
|
0 |
|a Islam and social problems
|z Bangladesh.
|9 51104
|
| 650 |
|
0 |
|a Social conflict
|z Bangladesh.
|9 51105
|
| 650 |
|
0 |
|a Human rights
|z Bangladesh.
|9 51106
|
| 700 |
1 |
|
|a Khan, Farida.
|9 51107
|
| 700 |
1 |
|
|a Ahmad, Ahrar.
|9 51108
|
| 700 |
1 |
|
|a Quddus, Munir.
|9 51109
|
| 710 |
2 |
|
|a Bangladesh Development Initiative.
|9 51110
|
| 852 |
4 |
|
|a Ayesha Abed Library
|c General Stacks
|
| 942 |
|
|
|2 ddc
|c BK
|
| 952 |
|
|
|0 0
|1 0
|2 ddc
|4 0
|6 361_770954920000000_REC_2009
|7 0
|9 11815
|a BDI
|b BDI
|c GEN
|d 2010-09-15
|l 0
|o 361.77095492 REC
|p 3010020825
|r 2010-09-15
|t 1
|w 2010-09-15
|y BK
|
| 952 |
|
|
|0 0
|1 0
|2 ddc
|4 0
|6 361_770954920000000_REC_2009
|7 0
|9 12349
|a BRACUL
|b BRACUL
|c GEN
|d 2010-10-10
|e Development Book Agency
|g 578.00
|l 0
|o 361.77095492 REC
|p 3010021293
|r 2010-10-10
|t 2
|w 2010-10-10
|y BK
|
| 952 |
|
|
|0 0
|1 0
|2 ddc
|4 0
|6 361_770954920000000_REC_2009
|7 0
|9 12350
|a BRACUL
|b BRACUL
|c GEN
|d 2010-10-10
|e Development Book Agency
|g 578.00
|l 0
|o 361.77095492 REC
|p 3010021294
|r 2010-10-10
|t 3
|w 2010-10-10
|y BK
|
| 952 |
|
|
|0 0
|1 0
|2 ddc
|4 0
|6 361_770954920000000_REC
|7 0
|9 20857
|a IGS
|b IGS
|c GEN
|d 2012-07-31
|e The University Press
|g 680.00
|l 1
|m 2
|o 361.77095492 REC
|p 3010025725
|r 2014-06-09
|s 2013-02-18
|t 4
|w 2012-07-31
|y BK
|
| 952 |
|
|
|0 0
|1 0
|2 ddc
|4 0
|6 361_770954920000000_REC
|7 0
|9 71515
|a SCL
|b SCL
|c GEN
|d 2022-08-03
|e Book Finder International
|g 547.02
|l 0
|o 361.77095492 REC
|p 3020039465
|r 2022-08-03
|t 5
|v 0.00
|w 2022-08-03
|y BK
|